000 00739nam a22002297a 4500
003 NUST-PNEC
005 20170116180725.0
008 140429b xxu||||| |||| 00| 0 eng d
020 _a9788177581652
020 _a8178087855
040 _cPNEC
082 _a004.6 TAN
100 _961
_aTanenbaum, Andrew S.
245 _aComputer Networks :
_cAndrew S. Tanenbaum
250 _a4th ed.
260 _aNew Delhi
_bPearson Education Inc.
_cc.2003
300 _axviii, 891 p. :
_bill. :
_c24 cm.
500 _aIncludes index.
650 _xMIS, Computer
856 _uhttp://www.amazon.com/Computer-Networks-Andrew-S-Tanenbaum/dp/8177581651/ref=sr_1_1?s=books&ie=UTF8&qid=1415174138&sr=1-1&keywords=9788177581652
942 _2ddc
_cBK
999 _c61591
_d61591